21世紀阪神タイガース開幕スタメン - Statistics

General Stats
  • This quiz has been taken 87 times
    46 since last reset
  • The average score is 181 of 234
Answer Stats
Answer % Correct
佐藤輝明
100%
佐藤輝明
100%
佐藤輝明
100%
佐藤輝明
100%
坂本誠志郎
100%
佐藤輝明
100%
坂本誠志郎
100%
佐藤輝明
100%
坂本誠志郎
100%
鳥谷敬
97%
鳥谷敬
97%
鳥谷敬
97%
2007 鳥谷敬
97%
鳥谷敬
97%
鳥谷敬
97%
鳥谷敬
97%
鳥谷敬
97%
鳥谷敬
97%
鳥谷敬
97%
2014 鳥谷敬
97%
2015 鳥谷敬
97%
梅野隆太郎
97%
鳥谷敬
97%
鳥谷敬
97%
梅野隆太郎
97%
鳥谷敬
97%
大山悠輔
97%
梅野隆太郎
97%
2019 木浪聖也
97%
近本光司
97%
大山悠輔
97%
梅野隆太郎
97%
近本光司
97%
木浪聖也
97%
梅野隆太郎
97%
2021 近本光司
97%
大山悠輔
97%
梅野隆太郎
97%
木浪聖也
97%
2022 近本光司
97%
中野拓夢
97%
大山悠輔
97%
梅野隆太郎
97%
2023 近本光司
97%
中野拓夢
97%
大山悠輔
97%
森下翔太
97%
梅野隆太郎
97%
2024 近本光司
97%
中野拓夢
97%
森下翔太
97%
大山悠輔
97%
木浪聖也
97%
2025 近本光司
97%
中野拓夢
97%
森下翔太
97%
大山悠輔
97%
木浪聖也
97%
2026 近本光司
97%
中野拓夢
97%
森下翔太
97%
大山悠輔
97%
金本知憲
93%
金本知憲
93%
金本知憲
93%
金本知憲
93%
金本知憲
93%
新井貴浩
93%
金本知憲
93%
金本知憲
93%
新井貴浩
93%
金本知憲
93%
新井貴浩
93%
新井貴浩
93%
金本知憲
93%
新井貴浩
93%
金本知憲
93%
メッセンジャー
93%
ゴメス
93%
ゴメス
93%
メッセンジャー
93%
ゴメス
93%
メッセンジャー
93%
メッセンジャー
93%
メッセンジャー
93%
メッセンジャー
93%
城島健司
90%
城島健司
90%
村上頌樹
90%
村上頌樹
90%
2002 赤星憲広
86%
赤星憲広
86%
赤星憲広
86%
2005 赤星憲広
86%
2006 赤星憲広
86%
赤星憲広
86%
2008 赤星憲広
86%
2009 赤星憲広
86%
2010 マートン
86%
2011 マートン
86%
大和
86%
福留孝介
86%
マートン
86%
大和
86%
マートン
86%
福留孝介
86%
マートン
86%
福留孝介
86%
大和
86%
福留孝介
86%
福留孝介
86%
福留孝介
86%
福留孝介
86%
福留孝介
86%
矢野輝弘
83%
矢野輝弘
83%
井川慶
83%
矢野輝弘
83%
井川慶
83%
矢野輝弘
83%
井川慶
83%
矢野輝弘
83%
井川慶
83%
矢野輝弘
83%
井川慶
83%
矢野輝弘
83%
矢野輝弘
83%
能見篤史
83%
能見篤史
83%
能見篤史
83%
藤浪晋太郎
83%
藤浪晋太郎
83%
前川右京
83%
前川右京
83%
今岡誠
79%
今岡誠
79%
2003 今岡誠
79%
2004 今岡誠
79%
今岡誠
79%
今岡誠
79%
今岡誠
79%
平野恵一
79%
今岡誠
79%
平野恵一
79%
平野恵一
79%
平野恵一
79%
2012 平野恵一
79%
西勇輝
79%
糸井嘉男
76%
糸井嘉男
76%
糸原健斗
76%
糸井嘉男
76%
糸原健斗
76%
2020 糸井嘉男
76%
糸原健斗
76%
糸原健斗
76%
サンズ
76%
糸原健斗
76%
糸井嘉男
76%
小幡竜平
76%
小幡竜平
76%
2013 西岡剛
72%
西岡剛
72%
西岡剛
72%
2016 高山俊
72%
西岡剛
72%
2017 高山俊
72%
2018 高山俊
72%
ノイジー
72%
ブラゼル
69%
ブラゼル
69%
ブラゼル
69%
桧山進次郎
66%
桧山進次郎
66%
桧山進次郎
66%
桧山進次郎
66%
ロサリオ
66%
ボーア
66%
青柳晃洋
66%
青柳晃洋
66%
藤本敦士
62%
濱中治
62%
藤本敦士
62%
藤本敦士
62%
シーツ
62%
藤本敦士
62%
シーツ
62%
シーツ
62%
濱中治
62%
桜井広大
62%
マルテ
62%
マルテ
62%
マルテ
62%
関本賢太郎
59%
安藤優也
59%
関本賢太郎
59%
安藤優也
59%
安藤優也
59%
横田慎太郎
59%
中川勇斗
59%
片岡篤史
55%
アリアス
55%
アリアス
55%
アリアス
55%
藤井彰人
55%
藤井彰人
55%
上本博紀
55%
上本博紀
55%
下柳剛
52%
新井良太
52%
北條史也
48%
俊介
41%
今成亮太
41%
狩野恵輔
38%
コンラッド
34%
岡崎太一
34%
柴田講平
31%
ヘイグ
31%
原口文仁
31%
スペンサー
28%
メンチ
28%
伊藤隼太
24%
清水誉
24%
坪井智哉
21%
坪井智哉
21%
上坂太一郎
17%
クルーズ
17%
キンケード
17%
ナバーロ
17%
沖原佳典
14%
ペレス
10%
フォード
10%
2001 平下晃司
7%
星野伸之
7%
No matching quizzes found
Score Distribution
Percent of People with Each Score
Percentile by Number Answered
Your Score History
You have not taken this quiz since the last reset